000 00838nam a22002777a 4500
001 5098
003 FISKH
005 20241106104713.0
008 241106b cb ||||| |||| 00| 0 eng d
020 _a9780590436281
040 _aFISKH
_beng
_cFISKH
_dFISKH
050 _aE444.T899
082 _a973.0496073024
100 _aSterling, Dorothy
245 _aFreedom Train :
_bThe Story of Harriet Tubman /
_cby Dorothy Sterling
260 _aNew York :
_bScholastic ;
_c1954 .
300 _a191 pages :
_billustrations ;
_c20 cm .
490 _aScholastic Biography
505 _aZ
520 _aStory of one of the most famous conductors in the Underground Railroad.
521 8 _a910
_bLexile
521 8 _aZ
_bRaz-Plus
650 _aUnderground Railroad
_vnon-fiction
942 _2ddc
_cBK
_n0
999 _c5098
_d5098